Rahşan (Record no. 13374)

MARC details
000 -BAŞLIK
Sabit Uzunlukta Kontrol Alanı 00815na a2200277 4500
999 ## - SİSTEM KONTROL NUMARALARI (KOHA)
Koha Biblionumber 13374
Koha Biblioitemnumber 13374
001 - KONTROL NUMARASI
Denetim Alanı 13795
003 - KONTROL NUMARASI IDENTIFIER
Denetim Alanı MIRAKIL
005 - SON İŞLEM TARİHİ VE ZAMANI
Denetim Alanı 20190701121252.0
008 - SABİT-BOY VERİ ELEMANLARI - GENEL BİLGİLER
Sabit Uzunlukta Kontrol Alanı 161003b tu 000 0
020 ## - ULUSLARARASI STANDART KİTAP NUMARASI
Uluslararası Standart Kitap Numarası 9755790985
035 ## - SİSTEM KONTROL NUMARASI
Sistem Kontrol Numarası 13795
040 ## - KATALOGLAMA KAYNAK
Orijinal Kataloglama Ajansı Milas
Kataloglama Dili tur
Metne Dönüştürmek Ajansı TR-AnCHP
041 ## - DİL KODU
Metin / Ses Parça Veya Ayrı Başlığın Dil Kodu tur
082 ## - DEWEY ONLU SINIFLANDIRMA NUMARASI
Sınıflandırma Numarası 920.72 Ecevit, R.
Ürün Numarası Ç37 2000
090 ## - SINIFLAMA NUMARASI
Sınıflama Numarası 920.72 Ecevit,R. Ç37r 2000
100 ## - ANA GİRİŞ - KİŞİSEL İSİM
Kişisel Ad Çetingüleç, Mehmet
245 ## - BAŞLIK TABLOSU
Başlık Rahşan
Sorumluluk Tablosu, Vb Mehmet Çetingüleç
260 ## - YAYIN, DAĞITIM, VB
Yayın, Dağıtım, Vb Yeri İstanbul
Yayıncı, Dağıtıcı, Vs Adı Sabah Kitapçılık
Yayın, Dağıtım, Vb Tarihi 2000
300 ## - FİZİKSEL TANIM
Kapsam 279 s.
Diğer Fiziksel Ayrıntıları fotğ.
Boyutlar 21 sm.
600 ## - KONU KATMA GİRİŞ - KURUMSAL ADI
Kişisel Ad Ecevit, Rahşan
Bir Adıyla İlişkilendirilen Tarihler 1923 -
Genel Alt Bölümü Yaşamöyküsü
600 ## - KONU KATMA GİRİŞ - KURUMSAL ADI
Kişisel Ad Ecevit, Bülent
Bir Adıyla İlişkilendirilen Tarihler 1925-2006
650 ## - KONU KATMA GİRİŞ - TOPİKAL DÖNEM
Topikal Süreli Veya Coğrafi Ad Giriş Elemanı Başbakanlar
Genel Alt Bölümü Eşler
Kronolojik Alt Bölümü Yaşamöyküsü
Coğrafi Alt Bölümü Türkiye
651 ## - KONU KATMA GİRİŞ - COĞRAFİ ADI
Coğrafi İsim Türkiye
Genel Alt Bölümü Siyaset ve yönetim
Kronolojik Alt Bölümü 1960-1980
942 ## - EKLENDİ GİRİŞ ELEMANLARI (KOHA)
Sınıflandırma Veya Raf Düzeni Kaynak Dewey Decimal Classification
Koha Öğesi Türü Books
999 ## - SİSTEM KONTROL NUMARALARI (KOHA)
Koha Biblioitemnumber 8612
Holdings
Kalıcı Konum Mevcut Konum Edinme Tarihi Toplam Check-Out'Lar Tam Çağrı Numarası Barkod Tarih Son Görülme İtibaren Geçerli Fiyatlar Sigara Kamu Notu Koha Öğesi Türü
Parti Okulu Kütüphanesi Parti Okulu Kütüphanesi 07/01/2019   920.72 Ecevit, R. Ç37 2000 P00542 07/01/2019 07/01/2019 Ertuğrul Çepni bağışıdır. Books